People Eminem has dissed - Statistics

General Stats
  • This quiz has been taken 321 times
    255 since last reset
  • The average score is 6 of 54
Answer Stats
Artist % Correct
Machine Gun Kelly
77%
Mariah Carey
43%
Ja Rule
37%
Dr Dre
36%
Benzino
35%
Will Smith
34%
Britney Spears
30%
Drake
21%
Michael Jackson
19%
Donald Trump
17%
Nick Cannon
17%
Lil Pump
14%
P Diddy
13%
Eminem
12%
Rihanna
12%
Canibus
11%
Kim Kardashian
11%
Kim Mathers
11%
Limp Bizkit
11%
Moby
11%
Ivanka Trump
9%
Lil Xan
8%
Christopher Reeves
7%
Elvis Presley
7%
Iggy Azalea
7%
Vanilla Ice
7%
Joe Budden
6%
Khloe Kardashian
6%
Lil Yachty
6%
Bill Clinton
4%
Mike Pence
4%
R Kelly
4%
21 Savage
3%
Hillary Clinton
3%
Lil Uzi Vert
3%
Lindsay Lohan
3%
Migos
3%
Suge Knight
3%
Amy Winehouse
2%
Backstreet Boys
2%
Chris Brown
2%
Gwen Stefani
2%
Madonna
2%
Bill Cosby
1%
Clint Eastwood
1%
Ellen DeGeneres
1%
Jessica Simpson
1%
Mark Wahlberg
1%
Michael J Fox
1%
OJ Simpson
1%
Tommy Lee
1%
Charles Manson
0%
David Carradine
0%
John Mayer
0%
No matching quizzes found
Score Distribution
Percent of People with Each Score
Percentile by Number Answered
Your Score History
You have not taken this quiz since the last reset